| 000 | 01004nam a2200241Ia 4500 | ||
|---|---|---|---|
| 999 |
_c40519 _d40519 |
||
| 001 | 7130 | ||
| 003 | GE_BSU | ||
| 005 | 20230922164052.0 | ||
| 008 | 181216s2012||||ge |||||||||||||| ||geo|| | ||
| 020 | _a9789941194627 | ||
| 040 | _cGE_BSU | ||
| 041 | _ageo | ||
| 080 | _a821..353.1+821.353.1-92 გ-85 | ||
| 100 |
_aგრიშაშვილი, იოსებ _96813 |
||
| 245 |
_aწერილები : _bტ. 4 პროზა / _cიოსებ გრიშაშვილი ; სარედ. ჯგუფი : ზურაბ აბაშიძე, მანანა ჯანელიძე, ირმა ხარშილაძე. |
||
| 260 | _a. | ||
| 264 |
_aთბილისი : _bპალიტრა L, _c2012. |
||
| 300 |
_a312 გვ. ; _bფოტო-პორტრეტი გარეკანზე ; _c20 სმ. |
||
| 490 |
_aჩემი რჩეული _vტ 40 _xISSN 2233-3037 |
||
| 541 | _h8ლ. | ||
| 653 | _aწერილები | ||
| 942 |
_cBK _2udc |
||